[Event "Charleville Mezieres op 14th"]
[Site "Charleville Mezieres"]
[Date "2017.12.26"]
[Round "3"]
[White "Habart, Thomas"]
[Black "Hacene, Ahmed"]
[Result "0-1"]
[WhiteElo "1450"]
[BlackElo "1708"]
[PlyCount "36"]
[EventDate "2017.12.26"]
[EventType "swiss"]
[EventRounds "7"]
[EventCountry "FRA"]
[SourceTitle "CBM 182 Extra"]
[Source "ChessBase"]
[SourceDate "2018.02.23"]
[SourceVersion "1"]
[SourceVersionDate "2018.02.23"]
[SourceQuality "1"]

1. d4 Nf6 2. Nc3 d5 3. g3 g6 4. Nf3 Bg7 5. Bg2 0-0 6. 0-0 c6 7. Bf4 Nbd7 8. Qd2 Re8 9. b4 Nb6 10. b5 Nc4 11. Qc1 Qa5 12. Qe1 Bf5 13. Ne5 Nxe5 14. Bxe5 Bh6 15. Nxd5 Qxe1 16. Nxf6+ exf6 17. Rfxe1 fxe5 18. bxc6 exd4 0-1